Tough times never last but tough people do [

Bibliographic Details
Main Author: Schuller, Robert H.
Format: Book
Published: Illinois : Nightingale-Conant , 19_.
Subjects:

MARC

LEADER 00000cam a2200000 7i4500
001 0000000006
002 000000011
005 20021108.0
020 |a 155525229X 
090 0 0 |a 158.1   |b SCH 
100 1 |a Schuller, Robert H.   |f Dr. 
245 1 0 |a Tough times never last but tough people do [  |h sound recording]   |c Dr. Robert H. Schuller 
260 |a Illinois :   |b Nightingale-Conant ,   |c 19_. 
300 |a 1 sound cassette (82:00 minutes) 
650 0 0 |a Executive ability 
650 0 0 |a Leadership 
999 |a KT0026   |b KASET   |c RUJUKAN   |e PERPUSTAKAAN KOMUNITI PETALING JAYA